Александр Сокуров на философском факультете (Запись № 1376870)

Подробности
000 -МАРКЕР
контрольное поле 01399nam0a2200289 4500
001 - ИДЕНТИФИКАТОР ЗАПИСИ
контрольное поле RU\NLR\bibl\240526
005 - ИДЕНТИФИКАТОР ВЕРСИИ
контрольное поле 20260407062645.0
035 ## - ДРУГИЕ СИСТЕМНЫЕ НОМЕРА
Идентификатор записи (NLR Aleph) 000236409
100 ## - ДАННЫЕ ОБЩЕЙ ОБРАБОТКИ
Данные общей обработки 20020320d2001 |||y0rusy50 ca
101 0# - ЯЗЫК РЕСУРСА
Язык текста, звукозаписи и т.д. русский
102 ## - СТРАНА ПУБЛИКАЦИИ ИЛИ ПРОИЗВОДСТВА
Страна публикации Российская Федерация
105 ## - ПОЛЕ КОДИРОВАННЫХ ДАННЫХ: ТЕКСТОВЫЕ МАТЕРИАЛЫ, МОНОГРАФИЧЕСКИЕ
Кодированные данные о монографическом текстовом документе a |||||||||
200 1# - ЗАГЛАВИЕ И СВЕДЕНИЯ ОБ ОТВЕТСТВЕННОСТИ
Основное заглавие Александр Сокуров на философском факультете
Сведения, относящиеся к заглавию [Сб.]
Первые сведения об ответственности С.-Петерб. гос. ун-т. Филос. фак., Центр изуч. культуры, С.-Петерб. филос. о-во
Последующие сведения об ответственности [Сост. Устюгова Е.Н.]
210 ## - ПУБЛИКАЦИЯ, РАСПРОСТРАНЕНИЕ И ДР.
Место издания, распространения и т.д. СПб.
Имя издателя, распространителя и т. д. Изд-во С.-Петерб. филос. о-ва
Дата издания, распространения и т.д. 2001
215 ## - ФИЗИЧЕСКАЯ ХАРАКТЕРИСТИКА
Специфическое обозначение материала и объем 97,[1] c.
Другие сведения о физической характеристике ил.
Размеры 20
225 1# - СЕРИЯ
Основное заглавие серии Серия "Мыслители"
Обозначение тома 4
600 #1 - ИМЯ ЛИЦА КАК ПРЕДМЕТ
Начальный элемент ввода Сокуров
Часть имени, кроме начального элемента ввода А.Н.
Даты 1951
Расширение инициалов личного имени Александр Николаевич
Формальный подзаголовок Сборники
Системный номер авторитетной/нормативной записи 1444169
Идентификатор авторитетной/нормативной записи RU\NLR\auth\66301006
686 ## - ИНДЕКСЫ ДРУГИХ КЛАССИФИКАЦИЙ
Индекс Ю802.453.7я43
686 ## - ИНДЕКСЫ ДРУГИХ КЛАССИФИКАЦИЙ
Индекс Щ374.3(2Р)7-85 Сокуров
702 #1 - ИМЯ ЛИЦА - ВТОРИЧНАЯ ОТВЕТСТВЕННОСТЬ
Код отношения Составитель
Графика поля Кириллица
Материалы, к которым относится поле rus
Начальный элемент ввода Устюгова
Часть имени, кроме начального элемента ввода Е. Н.
Даты 1948-
Расширение инициалов личного имени Елена Николаевна
Системный номер авторитетной/нормативной записи 148318
Идентификатор авторитетной/нормативной записи RU\NLR\AUTH\770148354
711 02 - НАИМЕНОВАНИЕ ОРГАНИЗАЦИИ - АЛЬТЕРНАТИВНАЯ ОТВЕТСТВЕННОСТЬ
Начальный элемент ввода Санкт-Петербургский государственный университет
Структурное подразделение Философский факультет
Идентификатор авторитетной/нормативной записи RU\NLR\AUTH\8810029897
Системный номер авторитетной/нормативной записи 558376
801 #0 - ИСТОЧНИК ЗАПИСИ
Страна Российская Федерация
Организация NLR
Дата составления 20020320
Правила каталогизации PSBO
801 #1 - ИСТОЧНИК ЗАПИСИ
Страна Российская Федерация
Организация NLR
Дата составления 20020320
942 ## - ДОПОЛНИТЕЛЬНЫЕ ЭЛЕМЕНТЫ ЗАПИСИ (АБИС)
Тип экземпляра АБИС Книга
980 ## - КОЛЛЕКЦИЯ
Название коллекции Национальная библиография
Экземпляры
Тип экземпляра Дата поступления Источник поступления Библиотека постоянного хранения Библиотека текущего хранения Место хранения Шифр хранения Штрих-код Статус экземпляра Стоимость
Книга 12.08.2003 Подсобные фонды РНБ РНБ (Московский) РНБ (Московский) Русский книжный фонд: издания с 1957 года 2002-4/2800 1-869236    
Книга 11.01.2005 Подсобные фонды РНБ РНБ (Московский) РНБ (Московский) Фонд общего зала литературы по филологии, педагогике и искусству (гуманитарной литературы) Л1 Щ373(2)-8/С-599 1-552861   35.00
Книга 20.03.2002 Дар РНБ (Московский) РНБ (Московский) Русский книжный фонд: издания с 1957 года 2002-4/2800 1-869830